Ubik / Philip K. Dick ; [přeložil Richard Podaný]
Record details
- ISBN: 978-80-257-0098-3
- Physical Description: 228 s. ; 19 cm
- Edition: Vyd. 2., V Argu 1. rev.
- Publisher: Praha : Argo, 2009
Content descriptions
| General Note: | Přeloženo z angličtiny |
Search for related items by subject
| Genre: | americké romány vědecko-fantastické romány American fiction science fiction novels |
Available copies
- 1 of 1 copy available at Common Catalog SPOK.
Holds
- 0 current holds with 1 total copy.
Show Only Available Copies
| Location | Call Number / Copy Notes | Barcode | Shelving Location | Status | Due Date |
|---|---|---|---|---|---|
| KDS Library | 810 DiP (841) | 204576800198 | Library | Available | - |
| LDR | 01214cam a2200373 a 4500 | ||
|---|---|---|---|
| 001 | 19898 | ||
| 003 | CZ-PrJAB | ||
| 005 | 20150702061236.0 | ||
| 007 | ta | ||
| 008 | 090127s2009 xr g 000 f cze d | ||
| 015 | . | ‡acnb001832356 | |
| 020 | . | ‡a978-80-257-0098-3 ‡q(váz.) | |
| 035 | . | ‡a(CZ PrNK)nkc20081832356 | |
| 035 | . | ‡a(OCoLC)320207912 | |
| 040 | . | ‡aKLG001 ‡bcze ‡dBOA001 | |
| 041 | 1 | . | ‡acze ‡heng |
| 072 | 7. | ‡a821.111(73)-3 ‡xAmerická próza ‡2Konspekt ‡925 | |
| 080 | . | ‡a821.111(73)-31 ‡2MRF | |
| 080 | . | ‡a(0:82-311.9) ‡2MRF | |
| 100 | 1 | . | ‡aDick, Philip K. ‡q(Philip Kindred), ‡d1928-1982 ‡7jn19990001745 ‡4aut |
| 245 | 1 | 0. | ‡aUbik / ‡cPhilip K. Dick ; [přeložil Richard Podaný] |
| 250 | . | ‡aVyd. 2., V Argu 1. rev. | |
| 260 | . | ‡aPraha : ‡bArgo, ‡c2009 | |
| 300 | . | ‡a228 s. ; ‡c19 cm | |
| 500 | . | ‡aPřeloženo z angličtiny | |
| 655 | 7. | ‡aamerické romány ‡7fd131796 ‡2czenas | |
| 655 | 7. | ‡avědecko-fantastické romány ‡7fd133847 ‡2czenas | |
| 655 | 9. | ‡aAmerican fiction ‡2eczenas | |
| 655 | 9. | ‡ascience fiction novels ‡2eczenas | |
| 700 | 1 | . | ‡aPodaný, Richard, ‡d1962- ‡7mzk2003183236 ‡4trl |
| 765 | 0 | . | ‡tUbik ‡9Česky |
| 910 | . | ‡aABE463 | |
| 928 | 1 | . | ‡aArgo |
| 998 | . | ‡a001832356 | |
| 901 | . | ‡a19898 ‡b ‡c19898 ‡tbiblio | |